01247 a2200289 4500003000500000005001700005010001700022020001500039020001800054035002000072035002300092040000900115082001200124100002400136245009300160260003900253300003200292490001800324505036200342538002900704650001500733650003600748650003900784651001100823830004000834856008300874Nust20170207154052.0 a 2006028874 a0816068089 a9780816068081 a(OCoLC)71329803 a(OCoLC)ocm71329803 cNust00a382/.711 aGoldstein, Natalie.10aGlobalization and free trade(E-BOOK)cNatalie Goldstein ; foreword by Frank W. Musgrave. aNew York :bFacts On File,cc2007. ax, 406 p. :bill. ;c24 cm.1 aGlobal issues0 aAt issue -- Introduction -- Focus on the United States -- Global perspectives -- Primary sources -- United States documents -- International documents -- Research tools -- How to research globalization and free trade -- Facts and figures -- Key players A to Z -- Organizations and agencies -- Annotated bibliography.gDesign (Page-1), Application (Page-201) aAlmirah No.41 Shelf No.3 0aFree trade 0aGlobalizationxEconomic aspects 0aInternational economic integration aE-BOOK 0aGlobal issues (Facts on File, Inc.)413Table of contents onlyuhttp://www.loc.gov/catdir/toc/ecip0620/2006028874.html